Mi individualismo /
Збережено в:
| Автор: | |
|---|---|
| Інші автори: | , |
| Формат: | Книга |
| Мова: | Іспанська |
| Опубліковано: |
Gijón, España :
Satori,
2022, c2022
|
| Редагування: | 2a edición |
| Серія: | (Clásicos Satori ;
3) |
| Предмети: | |
| Теги: |
Немає тегів, Будьте першим, хто поставить тег для цього запису!
|
MARC
| LEADER | 00000nam^a2200000^a^4500 | ||
|---|---|---|---|
| 001 | 000627453 | ||
| 005 | 20260203000000.0 | ||
| 009 | 20260310134054.596 | ||
| 020 | |a 978-84-19035-09-7 | ||
| 037 | |a Acervo ITESO - Biblioteca | ||
| 041 | |a ESP | ||
| 082 | |a 181. 12 |b SAT CLA V. 3 | ||
| 100 | |a Sōseki, Natsume |e (autor) | ||
| 245 | 1 | 0 | |a Mi individualismo / |c N. Sōseki ; pról. de C. Martínez Shaw ; tr., notas y epílogo de K. Takagi. |
| 246 | 2 | |a Título en la cubierta: Mi individualismo y otros ensayos | |
| 250 | |a 2a edición | ||
| 264 | 4 | |a Gijón, España : |b Satori, |c 2022, c2022 | |
| 300 | |a 188 p. | ||
| 336 | |a texto |b txt |2 rdacontenido | ||
| 337 | |a sin mediación |b n |2 rdamedio | ||
| 338 | |a volumen |b nc |2 rdasoporte | ||
| 440 | 1 | |a (Clásicos Satori ; |v 3) | |
| 500 | |a Traducción de: Gendai nihon no kaika (現代日本の開化), Nakami to keishiki (中味と形式), Bungei to dōtoku (文芸と道徳), Watakushi no kojin shugi (私の個人主義) | ||
| 521 | |a FIL 2025 DIA | ||
| 545 | 0 | |a Sōseki Natsume (Tokio, 1867-1916), escritor japonés. Estudió Literatura Inglesa en la Universidad de Tokio –donde conoció a su amigo Masaoka Shiki (1867-1902), quien le introdujo en la composición de haikus- y comenzó a publicar sus poemas en varias revistas y periódicos. Después de Yo, el gato (1905) y Botchan (1906), dos exitosas novelas de carácter satírico, su narrativa giró hacia una tendencia introspectiva, relacionada tanto con la expresión del haiku como con el pensamiento zen. Kusamakura: almohada de hierba (1906), la novela corta La herencia del gusto (1906), Sanshirō (1908), Daisuke (1909), Mon: la puerta (1910), El caminante (1912), Kokoro (1914) y la autobiográfica Las hierbas del camino (1915) son algunos de los títulos más destacados de esta segunda etapa novelística del autor japonés. Profesor de Teoría y de Crítica literaria en la Universidad de Tokio, renunció a la docencia en 1907 y comenzó a colaborar con el diario Asahi Shimbun. Fundador del círculo idealista Yoyūha ["Más que suficiente"] y una figura influyente en numerosos escritores japoneses, es considerado el autor que plasmó mejor los cambios ocurridos en la sociedad nipona a raíz de la apertura a Occidente ocurrida durante la era Meiji (1868-1912) y una de los creadores imprescindibles de la historia de la literatura japonesa. | |
| 649 | |a XX | ||
| 650 | |a Individualismo - |x Tema Principal | ||
| 650 | |a Libertad - |x Tema Principal | ||
| 650 | |a Tolerancia e Intolerancia | ||
| 650 | |a Etica Política | ||
| 650 | |a Filosofía Política | ||
| 650 | |a Literatura y Etica | ||
| 650 | |a Filosofía y Literatura | ||
| 650 | |a Literatura Japonesa - |y Siglo XX | ||
| 650 | |a Filosofía Japonesa - |y Siglo XX | ||
| 700 | |a Martínez Shaw, Carlos |e (prólogo) | ||
| 700 | |a Takagi, Kayoko |e (traducción, notas y epílogo) | ||
| 740 | 0 | |a Apertura y progreso del Japón contemporáneo / |c N. Sōseki ; pról. de C. Martínez Shaw ; tr., notas y epílogo de K. Takagi. | |
| 740 | 3 | |a El contenido y la forma / |c N. Sōseki ; pról. de C. Martínez Shaw ; tr., notas y epílogo de K. Takagi. | |
| 740 | 3 | |a La literatura y la moral / |c N. Sōseki ; pról. de C. Martínez Shaw ; tr., notas y epílogo de K. Takagi. | |
| 910 | |a Fondo General | ||
| 920 | |a Impresos - Libros | ||
| 930 | |a Colección General | ||
| 905 | |a 101 | ||
| 901 | |a 627453-10 |b IT1 |c ACC |i C191911 |u 20260203 | ||
| 902 | |a https://opac.biblio.iteso.mx/vufind/Record/000627453 | ||